Smrť zamestnanca a jeho pracovnoprávne nároky
Smrť zamestnanca a zánik pracovnoprávneho vzťahu. Vzniknuté nároky zomretého zamestnanca sa stávajú predmetom dedičského konania podľa Občianskeho zákonníka, avšak určitý, prednostný spôsob vysporiadania peňažných nárokov zomretého zamestnanca upravuje Zákonník práce. Oprávnené osoby, ktoré si môžu...
Uložené v:
| Hlavný autor: | |
|---|---|
| Médium: | Kapitola |
| Jazyk: | Slovak |
| Predmet: | |
| Tagy: |
Žiadne tagy, Buďte prvý, kto otaguje tento záznam!
|
MARC
| LEADER | 00000naa a2200000 4500 | ||
|---|---|---|---|
| 001 | 0278902 | ||
| 005 | 20211006090636.9 | ||
| 041 | 0 | |a slo | |
| 044 | |a SK | ||
| 245 | 1 | 0 | |a Smrť zamestnanca a jeho pracovnoprávne nároky |c Jana Žuľová |
| 520 | |a Smrť zamestnanca a zánik pracovnoprávneho vzťahu. Vzniknuté nároky zomretého zamestnanca sa stávajú predmetom dedičského konania podľa Občianskeho zákonníka, avšak určitý, prednostný spôsob vysporiadania peňažných nárokov zomretého zamestnanca upravuje Zákonník práce. Oprávnené osoby, ktoré si môžu uplatniť peňažné nároky zamestnanca. | ||
| 610 | 2 | 0 | |a zamestnanci |
| 610 | 2 | 0 | |a zamestnávatelia |
| 610 | 2 | 0 | |a povinnosti zamestnávateľov |
| 610 | 2 | 0 | |a vzťahy pracovnoprávne |
| 610 | 2 | 0 | |a právo pracovné |
| 610 | 2 | 0 | |a zákonník práce |
| 100 | 1 | |a Žuľová, Jana | |